Markets (Record no. 83288)

MARC details
000 -LEADER
fixed length control field 01227cab a22002055a 4500
001 - CONTROL NUMBER
control field L153434
008 - FIXED-LENGTH DATA ELEMENTS--GENERAL INFORMATION
fixed length control field 110726e20110715xxk 000 0 eng d
035 ## - SYSTEM CONTROL NUMBER
System control number (Sirsi) u153434
041 0# - LANGUAGE CODE
Language code of text/sound track or separate title eng
100 1# - MAIN ENTRY--PERSONAL NAME
Personal name Hatcher, David
245 00 - TITLE STATEMENT
Title Markets
Remainder of title trade counters, self-storage and roadside
260 ## - PUBLICATION, DISTRIBUTION, ETC.
Date of publication, distribution, etc. 2011
490 #0 - SERIES STATEMENT
Series statement Property Week
Volume/sequential designation 77(28) 15 July 2011, 53-62(6)
520 ## - SUMMARY, ETC.
Summary, etc. Latest Self Storage Association /Drivers Jonas Deloitte annual survey shows the sector to be resilient and displaying a slight market upswing. Sturgard Europe is to revamp six of its UK self-storage outlets at the end of 2011. Big Yellow cautious about its expansion in the UK self-storage market. Roadside agency Barber Wadlow reports a spike in car dealership requirements in Q1 2011 to 44 dealerships. Trade-focused retailer Screwfix is to open 20 new stores before the end of the year. CBRE Investors intends to spend a substantial amount of its £200m industrial property investment allocation on trade counters.
590 ## - LOCAL NOTE (RLIN)
Local note KA
651 #4 - SUBJECT ADDED ENTRY--GEOGRAPHIC NAME
Geographic name United Kingdom
Chronological subdivision
690 ## - LOCAL SUBJECT ADDED ENTRY--TOPICAL TERM (OCLC, RLIN)
Topical term or geographic name as entry element PROPERTY-COMMERCIAL PROPERTY-COMMERCIAL PROPERTY MARKET
690 ## - LOCAL SUBJECT ADDED ENTRY--TOPICAL TERM (OCLC, RLIN)
Topical term or geographic name as entry element PROPERTY-COMMERCIAL PROPERTY-COMMERCIAL PROPERTY FINANCE AND INVESTMENT
942 ## - ADDED ENTRY ELEMENTS (KOHA)
Suppress in OPAC 0
Holdings
Withdrawn status Lost status Source of classification or shelving scheme Damaged status Not for loan Home library Current library Shelving location Date acquired Total Checkouts Full call number Barcode Date last seen Copy number Price effective from Koha item type
    Dewey Decimal Classification     London London Journal article 26/07/2011   L153434 153434-1001 06/08/2019 1 06/08/2019 Journal article